000 00919nam a2200253Ia 4500
003 OSt
005 20221005112149.0
006 a|||||r|||| 00| 0
007 ta
008 221004b |||||||| |||| 00| 0 pan d
020 _a9789387711457 (hbk)
_cINR 180.00
024 _a65433
037 _b1166, 30/12/2019, H.K. Prakashan
_cTextual
040 _aCRL
_cCRL
_bpan
041 _2pan
_apan
082 _aO153:g, Q9
100 _aਕੌਰ, ਰਮਨਦੀਪ, ਂਚ.
245 0 _aਪੰਜਾਬੀ ਸਾਹਿਤ ਸੰਵਾਦ ਅਤੇ ਸਮੀਖਿਆਂ
260 _aਅੰਮ੍ਰਿਤਸਰ
_bਕੇ. ਜੀ. ਗ੍ਰਾਫਿਕਸ ਭਾਰਤ
_c2019
300 _a120ਪ੍ਰ0
_ccm.
650 _aਪੰਜਾਬੀ ਸਾਹਿਤ
942 _hO153:g, Q9
_cTEXL
_2cc
999 _c1024027
_d1024027